Detalles MARC
| 000 -CABECERA |
| campo de control de longitud fija |
00937nam a2200253 a 4500 |
| 001 - NÚMERO DE CONTROL |
| campo de control |
000013250 |
| 005 - FECHA Y HORA DE LA ÚLTIMA TRANSACCIÓN |
| campo de control |
20200929163157.0 |
| 008 - DATOS DE LONGITUD FIJA--INFORMACIÓN GENERAL |
| campo de control de longitud fija |
970508s1995 ve ab b 001 0 spa |
| 010 ## - NÚMERO DE CONTROL DE LA BIBLIOTECA DEL CONGRESO |
| Número de control de LC |
97149103 |
| 020 ## - NÚMERO INTERNACIONAL ESTÁNDAR DEL LIBRO |
| Número Internacional Estándar del Libro |
9806100727 |
| 020 ## - NÚMERO INTERNACIONAL ESTÁNDAR DEL LIBRO |
| Número Internacional Estándar del Libro |
9802480576 |
| 040 ## - FUENTE DE LA CATALOGACIÓN |
| Centro catalogador/agencia de origen |
DO-SdBNP |
| Centro/agencia transcriptor |
DLC |
| 043 ## - CÓDIGO DE ÁREA GEOGRÁFICA |
| Código de área geográfica |
s-ve--- |
| 050 00 - SIGNATURA TOPOGRÁFICA DE LA BIBLIOTECA DEL CONGRESO |
| Número de clasificación |
SB484.V4 |
| Número de documento/Ítem |
P35 1995 |
| 245 00 - MENCIÓN DE TÍTULO |
| Título |
Parque Nacional Yacambu / |
| Mención de responsabilidad, etc. |
Unellez, Fundacion Polar. |
| 260 ## - PUBLICACIÓN, DISTRIBUCIÓN, ETC. |
| Lugar de publicación, distribución, etc. |
[Venezuela?] : |
| Nombre del editor, distribuidor, etc. |
Unellez : |
| -- |
Fundacion Polar, |
| Fecha de publicación, distribución, etc. |
[1995]. |
| 300 ## - DESCRIPCIÓN FÍSICA |
| Extensión |
101, xxvii p. : |
| Otras características físicas |
ill. (some col.), col. maps ; |
| Dimensiones |
23 cm. |
| 504 ## - NOTA DE BIBLIOGRAFÍA, ETC. |
| Nota de bibliografía, etc. |
Includes bibliographical references (p. 96-97) and index. |
| 651 #0 - PUNTO DE ACCESO ADICIONAL DE MATERIA--NOMBRE GEOGRÁFICO |
| Nombre geográfico |
Parque Nacional Yacambu (Venezuela{Rpara} |
| 9 (RLIN) |
30436 |
| 650 #0 - PUNTO DE ACCESO ADICIONAL DE MATERIA--TÉRMINO DE MATERIA |
| Término de materia o nombre geográfico como elemento de entrada |
Natural history |
| Subdivisión geográfica |
Venezuela |
| -- |
Parque Nacional Yacambu. |
| 9 (RLIN) |
30437 |
| 710 2# - PUNTO DE ACCESO ADICIONAL--NOMBRE DE ENTIDAD CORPORATIVA |
| Nombre de entidad corporativa o nombre de jurisdicción como elemento de entrada |
Universidad Nacional Experimental de los Llanos Occidentales "Ezequiel Zamora" |
| 9 (RLIN) |
30438 |
| 710 2# - PUNTO DE ACCESO ADICIONAL--NOMBRE DE ENTIDAD CORPORATIVA |
| Nombre de entidad corporativa o nombre de jurisdicción como elemento de entrada |
Fundacion Polar. |
| 9 (RLIN) |
3571 |
| 910 ## - DATOS DE OPCIÓN DEL USUARIO (OCLC) |
| Datos de opción del usuario |
Catalogación por copia / LC |